| 000 | 00383pam a2200157a 44500 | ||
|---|---|---|---|
| 008 | 230515b1998 xxu||||| |||| 00| 0 eng d | ||
| 020 | _aNULL | ||
| 041 | _aENG | ||
| 082 | _a615.1 | ||
| 100 | _aL A Moore L J crosby D B Hamilton | ||
| 245 | _aPharmacology for nursing care 3rd ed | ||
| 250 | _a3rd | ||
| 260 |
_aNULL _b"saunders, nd, " _c1998 |
||
| 300 | _a1174 | ||
| 650 | _aNULL | ||
| 999 |
_c523425 _d523425 |
||